| 000 | 00427nam a2200169Ia 4500 | ||
|---|---|---|---|
| 003 | GCL | ||
| 008 | 140319s9999 xx 000 0 eng d | ||
| 040 |
_aGCL / _cGCL |
||
| 082 | 0 | 4 |
_a912.0947453 _bA L |
| 100 | 1 | _aABDEL MALEK, ANWAR | |
| 245 | 1 | 0 |
_aLENINGRAD / _cABDEL MALEK, ANWAR |
| 700 | 1 | _aMERRIAM - WEBSTEI | |
| 260 |
_a[S.N] : _bA GUILAR ، _c1992 |
||
| 650 | 0 | 4 | _aMAPS |
| 650 | 0 | 4 | _aLENIEGRAD - MAPS |
| 942 |
_2ddc _cBK |
||
| 999 |
_c15336 _d15336 |
||